[Event "21st European Teams"]
[Site "Hersonissos GRE"]
[Date "2017.11.05"]
[Round "8.5"]
[Board "3"]
[White "Fressinet, Laurent"]
[Black "Stevic, Hrvoje"]
[Result "1/2-1/2"]
[WhiteTitle "GM"]
[BlackTitle "GM"]
[WhiteElo "2657"]
[BlackElo "2616"]
[WhiteTeam "France"]
[BlackTeam "Croatia"]
[WhiteFideId "608742"]
[BlackFideId "14502569"]
[EventDate "2017.10.28"]

1. e4 e5 2. Nf3 Nc6 3. Bb5 a6 4. Ba4 d6 5. c3 f5 6. exf5 Bxf5 7. O-O Bd3 8. Re1
Be7 9. Bc2 Bxc2 10. Qxc2 Nf6 11. d4 e4 12. Ng5 d5 13. f3 h6 14. Nh3 O-O 15. Nd2
exf3 16. Nxf3 Rf7 17. Nf2 Bd6 18. Bd2 Qf8 19. Ne5 Bxe5 20. dxe5 Nd7 21. Ng4 Re7
22. Qb3 Ndxe5 23. Nxe5 Rxe5 24. Rxe5 Nxe5 25. Qxd5+ Nf7 26. Be3 c6 27. Qb3 Re8
28. Bd4 b5 29. Rf1 Re4 30. Qd1 Qe7 31. Qf3 Qe6 32. h3 Re2 33. Qg3 Ne5 34. Rf2
Re4 35. Rf4 Rxf4 36. Qxf4 Nd7 37. Qg3 Nf6 38. b3 Kh7 39. Qf3 Ne4 40. Qf4 Nd6 41.
Qe5 Qg6 42. Kh2 Ne4 43. Qf4 Qe6 44. Qc7 Qg6 45. Be5 Qg5 46. c4 bxc4 47. bxc4 Nf6
48. Bxf6 Qxf6 49. c5 Kg6 50. a4 Kf5 51. Qc8+ Ke4 52. Qxa6 Qf4+ 1/2-1/2

[Event "21st European Teams"]
[Site "Hersonissos GRE"]
[Date "2017.11.05"]
[Round "8.5"]
[Board "4"]
[White "Martinovic, Sasa"]
[Black "Maze, Sebastien"]
[Result "1-0"]
[WhiteTitle "GM"]
[BlackTitle "GM"]
[WhiteElo "2565"]
[BlackElo "2614"]
[WhiteTeam "Croatia"]
[BlackTeam "France"]
[WhiteFideId "14509792"]
[BlackFideId "613762"]
[EventDate "2017.10.28"]

1. d4 Nf6 2. c4 e6 3. Nc3 Bb4 4. Nf3 O-O 5. Bg5 c5 6. e3 cxd4 7. exd4 h6 8. Bh4
g5 9. Bg3 Ne4 10. Qc2 f5 11. Bd3 Nxg3 12. hxg3 Qf6 13. g4 Nc6 14. O-O-O Bxc3 15.
bxc3 fxg4 16. Ne5 Nxe5 17. dxe5 Qxe5 18. Rxh6 Kf7 19. Rh7+ Ke8 20. Bg6+ Kd8 21.
Qa4 Qc7 22. g3 b6 23. Qb5 1-0

[Event "21st European Teams"]
[Site "Hersonissos GRE"]
[Date "2017.11.05"]
[Round "8.6"]
[Board "2"]
[White "Ivanisevic, Ivan"]
[Black "Deac, Bogdan-Daniel"]
[Result "1/2-1/2"]
[WhiteTitle "GM"]
[BlackTitle "GM"]
[WhiteElo "2593"]
[BlackElo "2560"]
[WhiteTeam "Serbia"]
[BlackTeam "Romania"]
[WhiteFideId "912417"]
[BlackFideId "1226380"]
[EventDate "2017.10.28"]

1. d4 Nf6 2. c4 e6 3. Nc3 Bb4 4. Qc2 d5 5. a3 Bxc3+ 6. Qxc3 O-O 7. Nf3 dxc4 8.
Qxc4 b6 9. h4 Ba6 10. Qa4 Qd7 11. Qxd7 Nbxd7 12. h5 h6 13. Rh4 c5 14. g4 Bb7 15.
g5 hxg5 16. Bxg5 Bxf3 17. exf3 cxd4 18. Rxd4 Rac8 19. Rad1 Nd5 20. Bd3 N7f6 21.
Rh4 Rc5 22. Kd2 Nh7 23. Rg1 Kh8 24. Be3 Nxe3 25. fxe3 Rd8 26. Rd4 Rxd4 27. exd4
Rxh5 28. Rc1 Rh2+ 29. Ke3 g6 30. Rc7 Kg8 31. b4 a5 32. Bc4 Nf6 33. Rb7 Rc2 34.
Kd3 Rf2 35. Ke3 Rc2 36. Kd3 Rf2 37. Ke3 1/2-1/2

[Event "21st European Teams"]
[Site "Hersonissos GRE"]
[Date "2017.11.05"]
[Round "8.6"]
[Board "3"]
[White "Szabo, Gergely-Andras-Gyula"]
[Black "Indjic, Aleksandar"]
[Result "1/2-1/2"]
[WhiteTitle "GM"]
[BlackTitle "GM"]
[WhiteElo "2563"]
[BlackElo "2591"]
[WhiteTeam "Romania"]
[BlackTeam "Serbia"]
[WhiteFideId "1205064"]
[BlackFideId "911925"]
[EventDate "2017.10.28"]

1. d4 Nf6 2. c4 e6 3. Nf3 c5 4. d5 d6 5. Nc3 exd5 6. cxd5 g6 7. Bf4 a6 8. a4 Bg7
9. h3 O-O 10. e3 Ne8 11. Be2 Nd7 12. O-O Qe7 13. Nd2 Ne5 14. Re1 Rb8 15. Bg3 g5
16. a5 b5 17. axb6 Rxb6 18. Qc2 f5 19. f4 Ng6 20. Nc4 Rb4 21. Bd3 Qf6 22. Ne2
Bb7 23. Rf1 Bxd5 24. Rxa6 Qe6 25. b3 Bb7 26. Ra7 d5 27. Na5 c4 28. bxc4 Ba6 29.
Bxf5 Qb6 30. Ra8 Rb2 31. Qa4 Qxe3+ 32. Bf2 Qxe2 33. Bg4 Qe4 34. Bf3 Qxf4 35.
Rxe8 Rxf2 36. Rxf2 Bd4 37. Rxf8+ Kxf8 38. Nb3 Bxf2+ 39. Kxf2 Bxc4 40. g3 Qf6 41.
Qa8+ Kg7 42. Qa7+ Kh6 43. Nd4 Ne5 44. Qe7 Qxe7 45. Nf5+ Kg6 46. Nxe7+ Kf7 47.
Nf5 Kf6 48. Nd4 Ke7 49. Bd1 Bd3 50. Ke3 Be4 51. Be2 Kd6 52. h4 gxh4 53. gxh4 h6
54. Kf4 Ng6+ 55. Kg4 Ke5 56. Nc6+ Kf6 57. Nd4 Ne7 58. Kf4 Bg6 59. Bd1 Bd3 60.
Bh5 Bh7 61. Be8 Bg6 62. Ba4 Nf5 63. Nxf5 Bxf5 64. Bc6 Be6 65. Bb7 Bf7 66. Bc8
Bg6 67. Bh3 Bc2 68. Bg4 d4 69. Bc8 Bh7 70. Bg4 Bb1 71. Bf3 Ke6 72. Be4 Ba2 73.
Bg6 Bb3 74. Bd3 Kd5 75. Kf5 Bd1 76. Kg6 h5 77. Kf5 Bg4+ 78. Kf4 Kc5 79. Ke5 Bf3
80. Bf1 Bc6 81. Bd3 Be8 82. Be2 Bg6 83. Kf6 d3 84. Bd1 Be8 85. Ke7 Bc6 86. Bxh5
Kd4 87. Bd1 Ke3 88. h5 Be4 89. h6 d2 90. Kf6 Kf2 91. Kg7 Ke1 92. Ba4 d1=Q 93.
Bxd1 Kxd1 94. h7 Bxh7 95. Kxh7 1/2-1/2

[Event "21st European Teams"]
[Site "Hersonissos GRE"]
[Date "2017.11.05"]
[Round "8.6"]
[Board "4"]
[White "Sedlak, Nikola"]
[Black "Nevednichy, Vladislav"]
[Result "1/2-1/2"]
[WhiteTitle "GM"]
[BlackTitle "GM"]
[WhiteElo "2547"]
[BlackElo "2524"]
[WhiteTeam "Serbia"]
[BlackTeam "Romania"]
[WhiteFideId "922900"]
[BlackFideId "1205730"]
[EventDate "2017.10.28"]

1. d4 Nf6 2. Nf3 d5 3. Bf4 e6 4. e3 Bd6 5. Nbd2 Bxf4 6. exf4 O-O 7. Bd3 b6 8.
Qe2 c5 9. c3 Qd6 10. g3 a5 11. O-O Ba6 12. Rfe1 Bxd3 13. Qxd3 Nc6 14. a3 c4 15.
Qc2 b5 16. Ne5 Ne7 17. Ndf3 Ne8 18. Ng5 g6 19. Ng4 Kg7 20. h4 h6 21. Nf3 h5 22.
Ne3 Nc7 23. Qd2 Rab8 24. Nc2 f6 25. Rab1 Nc6 26. Kg2 b4 27. axb4 axb4 28. b3
bxc3 29. Qxc3 cxb3 30. Rxb3 Rxb3 31. Qxb3 Rb8 32. Qc3 Ne7 33. Ne3 Qd7 34. Ra1
Nb5 35. Qb4 Nc6 36. Qc5 Nd6 37. Ra6 Rc8 38. Nd2 Rc7 39. Qb6 Nc8 40. Qb2 Ra7 41.
Rxa7 Qxa7 42. Nb3 1/2-1/2

[Event "21st European Teams"]
[Site "Hersonissos GRE"]
[Date "2017.11.05"]
[Round "8.7"]
[Board "1"]
[White "Papaioannou, Ioannis"]
[Black "Adams, Michael"]
[Result "1/2-1/2"]
[WhiteTitle "GM"]
[BlackTitle "GM"]
[WhiteElo "2652"]
[BlackElo "2727"]
[WhiteTeam "Greece 1"]
[BlackTeam "England"]
[WhiteFideId "4201345"]
[BlackFideId "400041"]
[EventDate "2017.10.28"]

1. d4 Nf6 2. Nf3 d5 3. c4 e6 4. g3 Bb4+ 5. Bd2 Be7 6. Bg2 O-O 7. O-O Nbd7 8. Qc2
c6 9. Rd1 b6 10. b3 Ba6 11. a4 c5 12. Na3 Bb7 13. cxd5 Bxd5 14. Qb2 cxd4 15.
Nxd4 Bxg2 16. Kxg2 Qc8 17. b4 Qb7+ 18. Kg1 Ne4 19. Be3 Ndf6 20. b5 Ng4 21. Nc4
Rac8 22. Rac1 Bg5 23. Nc6 Bxe3 24. Nxe3 Nxe3 25. fxe3 Rc7 26. Qb4 Nf6 27. e4 h6
28. Rd6 Rd7 29. e5 Nd5 30. Rxd7 Qxd7 31. Qd6 Nf6 32. Ne7+ Kh7 33. Rc7 Qxd6 34.
exd6 Rd8 35. Nc8 Ne4 36. Rc6 Rd7 37. Kg2 Kg6 38. Rc7 Rd8 39. d7 Nf6 40. Rxa7
Rxd7 41. Ra6 Rc7 42. Nxb6 Rc2 43. Kf3 Rc3+ 44. e3 h5 45. h3 Rc5 46. Ra7 Rf5+ 47.
Ke2 Ne4 48. Kd3 Nd6 49. Rd7 Nxb5 50. axb5 Rxb5 51. Nc4 Rg5 52. Ke4 Rxg3 53. Ne5+
Kg5 54. Nf3+ Kf6 55. h4 Rg4+ 56. Kd3 e5 57. Ng5 Rxh4 58. Nxf7 Rg4 59. Ra7 h4 60.
Nd6 h3 61. Ne8+ Kf5 62. Ra1 1/2-1/2

[Event "21st European Teams"]
[Site "Hersonissos GRE"]
[Date "2017.11.05"]
[Round "8.7"]
[Board "2"]
[White "Short, Nigel D"]
[Black "Banikas, Hristos"]
[Result "1/2-1/2"]
[WhiteTitle "GM"]
[BlackTitle "GM"]
[WhiteElo "2698"]
[BlackElo "2584"]
[WhiteTeam "England"]
[BlackTeam "Greece 1"]
[WhiteFideId "400025"]
[BlackFideId "4202031"]
[EventDate "2017.10.28"]

1. d4 Nf6 2. Nf3 e6 3. c4 b6 4. a3 Ba6 5. Qc2 Bb7 6. Nc3 c5 7. dxc5 bxc5 8. Bg5
Be7 9. e3 h6 10. Bh4 O-O 11. Be2 d6 12. Rg1 Nbd7 13. O-O-O Rb8 14. g4 Ne8 15.
Bg3 Bxf3 16. Bxf3 Bh4 17. Be2 Nb6 18. f4 d5 19. g5 hxg5 20. Bxh4 gxh4 21. Rg5
Qe7 22. cxd5 exd5 23. Re5 Qb7 24. Rg1 f6 25. Rh5 f5 26. Bf3 Rd8 27. Rxf5 Rxf5
28. Qxf5 Qf7 29. Qg5 Nf6 30. Qxh4 Re8 31. Qf2 Nc4 32. Nd1 Qe6 33. Rg5 Re7 34. h4
d4 35. exd4 cxd4 36. Qxd4 Rd7 37. Qc3 Nd2 38. Bd5 Nxd5 39. Qxd2 Ne3 40. Qxd7
Qxd7 41. Nxe3 Qc7+ 42. Kb1 Qxf4 43. Nf5 Kf8 44. Nxg7 Qxh4 45. Ne6+ Ke7 46. Rg7+
Kxe6 47. Rxa7 Qh1+ 48. Ka2 Qd5+ 49. Ka1 Kd6 50. Rg7 Qe4 51. Rg1 Qe3 52. Rd1+ Kc5
53. Kb1 Qe4+ 54. Ka2 Qc2 55. Rg1 Qc4+ 56. Ka1 Qf4 57. Kb1 Qe4+ 58. Ka1 Qe3 59.
Rg7 Qf4 60. Rb7 Qc1+ 61. Ka2 Kd4 62. Rb4+ Kd3 63. Rb3+ Kd2 64. Rc3 Qd1 65. Rc7
Qg4 66. Rc3 Qe6+ 67. Ka1 Qe1+ 1/2-1/2

[Event "21st European Teams"]
[Site "Hersonissos GRE"]
[Date "2017.11.05"]
[Round "8.7"]
[Board "3"]
[White "Mastrovasilis, Dimitrios"]
[Black "Howell, David W L"]
[Result "1/2-1/2"]
[WhiteTitle "GM"]
[BlackTitle "GM"]
[WhiteElo "2571"]
[BlackElo "2698"]
[WhiteTeam "Greece 1"]
[BlackTeam "England"]
[WhiteFideId "4202694"]
[BlackFideId "410608"]
[EventDate "2017.10.28"]

1. e4 e5 2. Nf3 Nc6 3. Bb5 Nf6 4. d3 Bc5 5. c3 O-O 6. Bxc6 bxc6 7. Nxe5 d5 8. d4
Bb6 9. O-O Nxe4 10. Nd2 Nxd2 11. Bxd2 c5 12. dxc5 Bxc5 13. Qf3 Be6 14. Rfe1 Re8
15. Nd3 Bd6 16. Bf4 c5 17. Bxd6 Qxd6 18. Nf4 Rad8 19. Rad1 d4 20. Nxe6 Rxe6 21.
Rxe6 Qxe6 22. cxd4 cxd4 23. g3 g6 24. a3 Qa2 25. Qf6 Qd5 26. Rd3 Rd6 27. Qf4 a5
28. b4 axb4 29. axb4 Re6 30. Qd2 Rd6 31. h4 h5 32. Kh2 Kh7 33. b5 Qc5 34. Qg5
Rd5 35. Qf4 Kg7 36. Qe4 Rd6 37. Kg2 Qxb5 38. Rxd4 1/2-1/2

[Event "21st European Teams"]
[Site "Hersonissos GRE"]
[Date "2017.11.05"]
[Round "8.7"]
[Board "4"]
[White "Jones, Gawain C B"]
[Black "Pavlidis, Antonios"]
[Result "1-0"]
[WhiteTitle "GM"]
[BlackTitle "GM"]
[WhiteElo "2662"]
[BlackElo "2546"]
[WhiteTeam "England"]
[BlackTeam "Greece 1"]
[WhiteFideId "409561"]
[BlackFideId "4212312"]
[EventDate "2017.10.28"]

1. c4 Nf6 2. Nc3 g6 3. e4 d6 4. d4 Bg7 5. h3 O-O 6. Be3 Nc6 7. d5 Ne5 8. g4 c6
9. f4 Ned7 10. Nf3 cxd5 11. cxd5 Nc5 12. Bxc5 dxc5 13. e5 Nd7 14. Qc2 Qa5 15.
Nd2 Nb6 16. a3 Nd7 17. O-O-O a6 18. Bg2 Rb8 19. d6 e6 20. h4 b5 21. h5 b4 22.
Nc4 Qd8 23. hxg6 bxc3 24. gxf7+ Rxf7 25. Qxh7+ Kf8 26. Qh8+ Bxh8 27. Rxh8+ Kg7
28. Rxd8 Rxf4 29. b3 Rxb3 30. Kc2 Rb8 31. Kxc3 a5 32. Bb7 Rxb7 33. Rxc8 a4 34.
Na5 Rb5 35. Rc7 Rf7 36. Nc4 Rb3+ 37. Kc2 Kg6 38. Rd3 Rf2+ 39. Rd2 Rf7 40. Ra7
Rg3 41. Rxa4 Rxg4 42. Rd3 Rf8 43. Kc3 Rb8 44. Re3 Rb7 45. Ra8 Kf7 46. Na5 Ra4
47. Kc2 c4 48. Rf3+ Kg7 49. Rg3+ Kh7 50. Rag8 Rxa5 51. R8g4 1-0

[Event "21st European Teams"]
[Site "Hersonissos GRE"]
[Date "2017.11.05"]
[Round "8.8"]
[Board "1"]
[White "Aronian, Levon"]
[Black "Wojtaszek, Radoslaw"]
[Result "1/2-1/2"]
[WhiteTitle "GM"]
[BlackTitle "GM"]
[WhiteElo "2801"]
[BlackElo "2737"]
[WhiteTeam "Armenia"]
[BlackTeam "Poland"]
[WhiteFideId "13300474"]
[BlackFideId "1118358"]
[EventDate "2017.10.28"]

1. d4 Nf6 2. c4 e6 3. Nf3 d5 4. Nc3 Bb4 5. cxd5 exd5 6. Bg5 h6 7. Bh4 O-O 8. e3
Bf5 9. Qb3 Bxc3+ 10. bxc3 Nbd7 11. Be2 c5 12. dxc5 g5 13. Bg3 Nxc5 14. Qb4 Nfe4
15. O-O Qe7 16. Rad1 Rfd8 17. c4 dxc4 18. Bxc4 Rxd1 19. Rxd1 Rd8 20. Rxd8+ Qxd8
21. Nd4 a5 22. Qb2 Nxg3 23. hxg3 Bd7 24. Qc2 Qb6 25. Bd5 Kf8 26. Qc4 Ne6 27.
Bxe6 Bxe6 28. Nxe6+ fxe6 29. Kh2 Kf7 30. Qc2 Kg7 31. Qc3+ Kf7 32. f4 gxf4 33.
exf4 Qb5 34. g4 Qe2 35. Qxa5 1/2-1/2

[Event "21st European Teams"]
[Site "Hersonissos GRE"]
[Date "2017.11.05"]
[Round "8.8"]
[Board "3"]
[White "Melkumyan, Hrant"]
[Black "Piorun, Kacper"]
[Result "0-1"]
[WhiteTitle "GM"]
[BlackTitle "GM"]
[WhiteElo "2642"]
[BlackElo "2640"]
[WhiteTeam "Armenia"]
[BlackTeam "Poland"]
[WhiteFideId "13302485"]
[BlackFideId "1130420"]
[EventDate "2017.10.28"]

1. d4 d5 2. c4 e6 3. Nf3 Nf6 4. Nc3 Bb4 5. Qa4+ Nc6 6. e3 O-O 7. Qc2 Bd6 8. c5
Be7 9. a3 e5 10. dxe5 Ng4 11. b4 d4 12. Nb5 dxe3 13. Bxe3 Nxe3 14. fxe3 Bg4 15.
Rd1 Qc8 16. Be2 Bxf3 17. Bxf3 Nxe5 18. Qe4 Nxf3+ 19. Qxf3 a6 20. Nd4 g6 21. O-O
c6 22. Qg3 Rd8 23. Qf4 Rf8 24. e4 Qb8 25. e5 Qc7 26. Rd3 Rae8 27. Rh3 Bd8 28.
Re3 f6 29. Qg4 fxe5 30. Qe6+ Kg7 31. Rxf8 Rxf8 32. Nf3 Bf6 33. Rd3 Rd8 34. Qc4
Rxd3 35. Qxd3 Qf7 36. Kf2 Qd5 37. Ke3 Kf7 38. Qe4 Qb3+ 39. Qd3 Qd5 40. Qe4 Ke7
41. h3 a5 42. g4 Qb3+ 43. Qd3 a4 44. Ke4 Qxd3+ 45. Kxd3 e4+ 46. Kxe4 Bb2 47. Kd3
Bxa3 48. Kc4 Bb2 49. Ne1 Ke6 50. Nd3 a3 51. Kb3 g5 52. Nxb2 axb2 53. Kxb2 Ke5
54. Kb3 Kd4 55. Ka4 Kc4 56. Ka3 Kc3 57. Ka4 Kb2 58. b5 Kc3 0-1

[Event "21st European Teams"]
[Site "Hersonissos GRE"]
[Date "2017.11.05"]
[Round "8.8"]
[Board "4"]
[White "Tomczak, Jacek"]
[Black "Gabuzyan, Hovhannes"]
[Result "0-1"]
[WhiteTitle "GM"]
[BlackTitle "GM"]
[WhiteElo "2583"]
[BlackElo "2583"]
[WhiteTeam "Poland"]
[BlackTeam "Armenia"]
[WhiteFideId "1124668"]
[BlackFideId "13303732"]
[EventDate "2017.10.28"]

1. e4 c5 2. Nf3 d6 3. d4 cxd4 4. Nxd4 Nc6 5. g3 g6 6. Bg2 Bg7 7. Ne2 Nf6 8. O-O
O-O 9. Nbc3 Bd7 10. Bg5 Rc8 11. Qd2 Ne5 12. b3 Re8 13. Nd5 Nxd5 14. exd5 Bh3 15.
Rad1 b5 16. f3 Bxg2 17. Kxg2 Qc7 18. c3 Nd7 19. Rfe1 Qb7 20. h4 h5 21. Qd3 Ne5
22. Qe4 Rc5 23. Rf1 Rec8 24. Rd2 f5 25. Qe3 Rxd5 26. Rxd5 Qxd5 27. Qxa7 Ra8 28.
Qd4 Qxd4 29. Nxd4 b4 30. cxb4 Rxa2+ 31. Kg1 Kf7 32. b5 Ra5 33. Bd2 Ra3 34. Rb1
Nc4 35. bxc4 Bxd4+ 36. Kh1 Bb6 37. Rf1 Rd3 38. Bg5 Rc3 39. Rc1 Rxf3 40. Kg2 Rf2+
41. Kh1 Ra2 42. Rc3 e5 43. Be3 Bxe3 44. Rxe3 Rc2 45. Ra3 Rxc4 46. Ra7+ Ke6 47.
Rg7 Rg4 48. b6 Rxg3 49. b7 Rb3 50. Rxg6+ Kd5 51. Rg5 f4 52. Rxh5 Rxb7 53. Kg2
Ke4 54. Rh8 Rb2+ 55. Kh3 Kf3 56. Rd8 Rb1 57. Kh2 e4 0-1

[Event "21st European Teams"]
[Site "Hersonissos GRE"]
[Date "2017.11.05"]
[Round "8.9"]
[Board "1"]
[White "Jobava, Baadur"]
[Black "Anton Guijarro, David"]
[Result "1/2-1/2"]
[WhiteTitle "GM"]
[BlackTitle "GM"]
[WhiteElo "2705"]
[BlackElo "2651"]
[WhiteTeam "Georgia"]
[BlackTeam "Spain"]
[WhiteFideId "13601520"]
[BlackFideId "2285525"]
[EventDate "2017.10.28"]

1. e4 e5 2. Nf3 Nc6 3. c3 d5 4. d3 Nf6 5. Qc2 a5 6. a4 Bc5 7. Be2 O-O 8. O-O h6
9. Na3 Qe7 10. h3 dxe4 11. dxe4 Nh5 12. Re1 Be6 13. Bc4 Bxa3 14. Bxe6 fxe6 15.
Rxa3 Rxf3 16. gxf3 Rf8 17. Qd3 Qh4 18. Kg2 Ne7 19. Qd7 Qf6 20. c4 Ng6 21. Rg1
Kh7 22. Kh2 Rf7 23. Qe8 Nh4 24. Bxh6 Nxf3+ 25. Rxf3 Qxf3 26. Be3 Nf6 27. Qxe6
Nxe4 28. Qxe5 Nxf2 29. Qg3 Qxg3+ 30. Kxg3 Ne4+ 31. Kg2 Rd7 32. h4 b6 33. Re1 1/2-1/2

[Event "21st European Teams"]
[Site "Hersonissos GRE"]
[Date "2017.11.05"]
[Round "8.9"]
[Board "2"]
[White "Salgado Lopez, Ivan"]
[Black "Mchedlishvili, Mikheil"]
[Result "1-0"]
[WhiteTitle "GM"]
[BlackTitle "GM"]
[WhiteElo "2629"]
[BlackElo "2604"]
[WhiteTeam "Spain"]
[BlackTeam "Georgia"]
[WhiteFideId "2257327"]
[BlackFideId "13600966"]
[EventDate "2017.10.28"]

1. e4 d6 2. d4 Nf6 3. Nc3 g6 4. Nf3 Bg7 5. Be2 O-O 6. O-O e6 7. Re1 Nc6 8. h3 a6
9. a4 b6 10. Bg5 h6 11. Be3 Bb7 12. Qd2 Kh7 13. Bf1 Nb4 14. Bf4 e5 15. Bh2 exd4
16. Nxd4 c5 17. Nf3 Re8 18. Rad1 Bxe4 19. Nxe4 Nxe4 20. Qc1 d5 21. c3 Nc6 22.
Bc4 Nf6 23. Rxe8 Qxe8 24. Bxd5 Nxd5 25. Rxd5 Rd8 26. Qd1 Qe7 27. Rxd8 Nxd8 28.
Qd3 a5 29. Qb5 Qb7 30. Bg3 Ne6 31. Qe8 Bf6 32. Ne5 Kg7 33. Nd7 Qd5 34. Qg8+ 1-0

[Event "21st European Teams"]
[Site "Hersonissos GRE"]
[Date "2017.11.05"]
[Round "8.9"]
[Board "3"]
[White "Pantsulaia, Levan"]
[Black "Korneev, Oleg"]
[Result "0-1"]
[WhiteTitle "GM"]
[BlackTitle "GM"]
[WhiteElo "2586"]
[BlackElo "2557"]
[WhiteTeam "Georgia"]
[BlackTeam "Spain"]
[WhiteFideId "13602071"]
[BlackFideId "4156803"]
[EventDate "2017.10.28"]

1. c4 Nf6 2. Nf3 c6 3. g3 d5 4. Bg2 Bf5 5. cxd5 cxd5 6. Qb3 Nc6 7. Qxb7 Bd7 8.
Qb3 e5 9. O-O e4 10. Ne1 Rb8 11. Qd1 h5 12. d3 h4 13. Nc3 hxg3 14. hxg3 e3 15.
fxe3 Bd6 16. Rf4 g5 17. Rxf6 Qxf6 18. Nf3 Ne7 19. e4 g4 20. e5 Qg7 21. exd6 gxf3
22. exf3 Qxg3 23. Ne2 Qh2+ 24. Kf2 Qh4+ 25. Kf1 Bh3 26. Qc2 Bxg2+ 27. Kxg2 Rg8+
28. Kf1 Rc8 29. Qb3 Qh1+ 30. Kf2 Rg2+ 31. Ke3 Nf5+ 32. Kf4 Qh6+ 33. Kxf5 Qh5+ 0-1

[Event "21st European Teams"]
[Site "Hersonissos GRE"]
[Date "2017.11.05"]
[Round "8.9"]
[Board "4"]
[White "Ibarra Jerez, Jose Carlos"]
[Black "Jojua, Davit"]
[Result "1-0"]
[WhiteTitle "GM"]
[BlackTitle "GM"]
[WhiteElo "2561"]
[BlackElo "2591"]
[WhiteTeam "Spain"]
[BlackTeam "Georgia"]
[WhiteFideId "2226332"]
[BlackFideId "13602543"]
[EventDate "2017.10.28"]

1. e4 e5 2. Nf3 Nc6 3. d4 exd4 4. Nxd4 Nf6 5. Nxc6 bxc6 6. Qe2 Bb4+ 7. c3 Bc5 8.
e5 Nd5 9. c4 Bb4+ 10. Bd2 Nf4 11. Qe3 Bxd2+ 12. Nxd2 Ng6 13. Bd3 O-O 14. f4 d6
15. O-O f5 16. exd6 cxd6 17. c5 Re8 18. Qd4 d5 19. b4 Bd7 20. Nb3 Rb8 21. a3 Nf8
22. Rae1 Qc7 23. g3 h6 24. Qc3 Nh7 25. Nd4 Nf6 26. Nxf5 Bxf5 27. Bxf5 a5 28. Re5
axb4 29. axb4 Nd7 30. Rxe8+ Rxe8 31. Re1 Qd8 32. Rxe8+ Qxe8 33. b5 Nb8 34. b6
Qe7 35. Qe5 Qxe5 36. fxe5 Na6 37. Bd7 Nxc5 38. Bxc6 1-0

[Event "21st European Teams"]
[Site "Hersonissos GRE"]
[Date "2017.11.05"]
[Round "8.10"]
[Board "1"]
[White "Ragger, Markus"]
[Black "Zhigalko, Sergei"]
[Result "1/2-1/2"]
[WhiteTitle "GM"]
[BlackTitle "GM"]
[WhiteElo "2659"]
[BlackElo "2638"]
[WhiteTeam "Austria"]
[BlackTeam "Belarus"]
[WhiteFideId "1610856"]
[BlackFideId "13502956"]
[EventDate "2017.10.28"]

1. e4 c5 2. Nf3 Nc6 3. d4 cxd4 4. Nxd4 Nf6 5. Nc3 e5 6. Ndb5 d6 7. Bg5 a6 8. Na3
b5 9. Nd5 Be7 10. Bxf6 Bxf6 11. c4 b4 12. Nc2 O-O 13. g3 a5 14. Bg2 Bg5 15. O-O
Ne7 16. Nde3 Bxe3 17. Nxe3 Qc7 18. Rc1 Be6 19. Nf5 Rad8 20. Nxe7+ Qxe7 21. Qe2
g6 22. Rfd1 Rc8 23. b3 Rc6 24. Rd3 a4 25. Rcd1 Ra8 26. Qd2 axb3 27. axb3 Rb6 28.
h4 Kg7 29. Kh2 h5 30. Bh3 Bxh3 31. Kxh3 Ra3 32. Kg2 Qe6 33. Qe3 Rc6 34. Qd2 Rb6
35. Qc2 Rba6 36. Qe2 Qg4 37. Qe1 Ra2 38. R1d2 Ra1 39. Qe2 1/2-1/2

[Event "21st European Teams"]
[Site "Hersonissos GRE"]
[Date "2017.11.05"]
[Round "8.10"]
[Board "2"]
[White "Kovalev, Vladislav"]
[Black "Shengelia, David"]
[Result "1-0"]
[WhiteTitle "GM"]
[BlackTitle "GM"]
[WhiteElo "2636"]
[BlackElo "2556"]
[WhiteTeam "Belarus"]
[BlackTeam "Austria"]
[WhiteFideId "13504398"]
[BlackFideId "13601270"]
[EventDate "2017.10.28"]

1. e4 c5 2. Nf3 e6 3. d4 cxd4 4. Nxd4 Nf6 5. Nc3 d6 6. g4 h6 7. h4 Nc6 8. Rg1 d5
9. exd5 Nxd5 10. Nxd5 exd5 11. Be3 Qxh4 12. Nb5 Qe7 13. Qxd5 Be6 14. Qe4 a6 15.
Nc3 Qb4 16. O-O-O Bc5 17. Bxc5 Qxc5 18. Qf4 Rd8 19. Bd3 Qg5 20. Qxg5 hxg5 21.
Ne4 f6 22. Nc5 Bc8 23. Be4 Rxd1+ 24. Kxd1 Ne5 25. f3 Ke7 26. Re1 Kd6 27. Nd3
Nxd3 28. Bxd3 Be6 29. Be4 b5 30. Kd2 Bd5 31. Bxd5 Kxd5 32. Re2 Rh1 33. b3 Rf1
34. Ke3 Ra1 35. Rd2+ Kc5 36. c3 Rc1 37. Kd3 g6 38. Rc2 Rf1 39. Ke3 f5 40. gxf5
gxf5 41. Rg2 g4 42. fxg4 fxg4 43. Rxg4 Re1+ 44. Kd3 Rd1+ 45. Kc2 Rd6 46. a4 Kb6
47. Kb2 Rc6 48. Rf4 Rh6 49. Ka3 Rc6 50. Rf3 Rh6 51. Rf5 Rg6 52. Rd5 Rh6 53. Rg5
Rf6 54. Rg8 Rh6 55. a5+ Kc6 56. Rg7 Kc5 57. Rc7+ Kd6 58. Rb7 Kc5 59. Rc7+ Kd6
60. Rc8 Rg6 61. Rf8 Kc5 62. Rf5+ Kc6 63. Kb4 Rg4+ 64. c4 bxc4 65. bxc4 Rg7 66.
Rf6+ Kb7 67. Rb6+ Ka7 68. Rd6 Kb7 69. Kc5 Rg5+ 70. Rd5 Rg7 71. Re5 Rc7+ 72. Kb4
Rh7 73. Re6 Rg7 74. Kc5 Rc7+ 75. Kd5 Rd7+ 76. Rd6 Rh7 77. Rb6+ Ka7 78. Re6 Kb7
79. c5 Rd7+ 80. Rd6 Rh7 81. Rb6+ Ka7 82. Re6 Kb7 83. Kd6 Rc7 84. Re8 Rc6+ 85.
Kd5 Rc7 86. Re6 Rd7+ 87. Rd6 Rh7 88. Rb6+ Ka7 89. c6 Rh5+ 90. Kd6 Rh6+ 91. Kd7
Rh7+ 92. Ke8 Rh8+ 93. Kf7 Rh5 94. Rb7+ Ka8 95. Rb1 Ka7 96. Kf8 Rc5 97. Rb7+ Ka8
98. Rb6 Ka7 99. Ke7 Rh5 100. Rb7+ Ka8 101. Rd7 Kb8 102. Kd6 Kc8 103. Rc7+ Kb8
104. Re7 Rh6+ 105. Kd7 Rh8 106. Re6 Rc8 107. Re4 Rc7+ 108. Kd6 Rh7 109. Re8+ Ka7
110. Re7+ 1-0

[Event "21st European Teams"]
[Site "Hersonissos GRE"]
[Date "2017.11.05"]
[Round "8.10"]
[Board "3"]
[White "Schreiner, Peter"]
[Black "Stupak, Kirill"]
[Result "0-1"]
[WhiteTitle "IM"]
[BlackTitle "GM"]
[WhiteElo "2480"]
[BlackElo "2578"]
[WhiteTeam "Austria"]
[BlackTeam "Belarus"]
[WhiteFideId "1621645"]
[BlackFideId "13503758"]
[EventDate "2017.10.28"]

1. d4 Nf6 2. c4 b6 3. Nc3 Bb7 4. Qc2 d5 5. cxd5 Nxd5 6. Nf3 Nxc3 7. bxc3 g6 8.
e4 Bg7 9. Be2 O-O 10. O-O c5 11. d5 Qd6 12. Rb1 Nd7 13. Nd2 Rad8 14. f4 Qc7 15.
c4 e6 16. Nf3 Rfe8 17. Rd1 exd5 18. cxd5 c4 19. Nd4 Qc5 20. Bb2 Nf6 21. Qxc4
Qxc4 22. Bxc4 Rxe4 23. Nc6 Ra8 24. Bb3 Rxf4 25. Ne7+ Kh8 26. d6 Nd7 27. g3 Rf3
28. Bxg7+ Kxg7 29. Rbc1 Nc5 30. Bd5 Bxd5 31. Rxd5 Rf6 32. Nc6 Nd7 33. Ne7 Rd8
34. Rc7 Nc5 35. d7 Re6 36. Nc6 Rxd7 37. Rdxd7 Nxd7 38. Nxa7 Rd6 39. Rc2 Ne5 40.
Nb5 Rd3 41. Re2 Ng4 42. Nc7 Ne3 43. Kf2 Nc4 44. Rc2 Nd6 45. Rb2 Nc4 46. Rc2 Ne5
47. Re2 Ng4+ 48. Kg2 h5 49. a4 Ne3+ 50. Kg1 g5 51. Nb5 f5 52. Kf2 Ng4+ 53. Kg1
f4 54. gxf4 gxf4 55. Re7+ Kf6 56. Rb7 f3 57. Rxb6+ Ke5 58. Rd6 Rxd6 59. Nxd6
Kxd6 60. h3 Ke5 0-1